25 años de investigación y desarrollo al servicio de la industria petrolera, 1965-1990 /

Gespeichert in:
Bibliographische Detailangaben
Körperschaft: Instituto Mexicano del Petróleo
Format: Buch
Sprache:Spanisch
Schlagworte:
Tags: Tag hinzufügen
Keine Tags, Fügen Sie das erste Tag hinzu!

MARC

LEADER 00000nam^a2200000^a^4500
001 000031758
005 20250521000000.0
009 20260310085053.136
037 |a Acervo ITESO - Biblioteca 
041 |a ESP 
082 |a 665. 5  |b INS 
110 |a Instituto Mexicano del Petróleo 
245 1 0 |a 25 años de investigación y desarrollo al servicio de la industria petrolera, 1965-1990 /  |c Instituto Mexicano del Petróleo. 
264 |a México :  |b Instituto Mexicano del Petróleo,  |c 1990 
300 |a 150 p. 
336 |a texto  |b txt  |2 rdacontenido 
337 |a sin mediación  |b n  |2 rdamedio 
338 |a volumen  |b nc  |2 rdasoporte 
649 |a XX 
650 |a Ingeniería Química -  |x Investigación 
650 |a Petróleo -  |x Aspectos Económicos 
910 |a Fondo General 
920 |a Impresos - Libros 
930 |a Colección General 
905 |a 101 
901 |a 0317580100  |b IT1  |c ACC  |i 031758  |u 20250521 
902 |a https://opac.biblio.iteso.mx/vufind/Record/000031758